Estações da Linha-10 Turquesa da CPTM - Statistics

Estatísticas Gerais
  • Esse quiz foi jogado 48 vezes
    47 desde o último reset
  • A pontuação média é 12 de 14
Respostas no mapa
Respostas codificadas por cores de uma escala verde-vermelha no mapa do quiz de acordo com a % correta abaixo.
 
Estatísticas das Respostas
Resposta % Correto
Brás
97%
Mauá
97%
Prefeito Celso Daniel - Santo André
97%
Luz
93%
Rio Grande da Serra
93%
Prefeito Saladino
90%
São Caetano do Sul - Prefeito Walter Braido
90%
Tamanduateí
90%
Capuava
87%
Ipiranga
87%
Juventus - Mooca
87%
Ribeirão Pires - Antônio Bespalec
83%
Utinga
83%
Guapituba
70%
Nenhum quiz correspondente encontrado
Distribuição das Pontuações
Porcentagem de Pessoas com Cada Pontuação
Percentil de Números Respondidos
Sua Pontuação Histórica
Você não jogou esse quiz desde o último reset